Ekonomika údržby osvetľovacích sústav

Salvato in:
Dettagli Bibliografici
Autore principale: Bodor, Benjamin (Autore)
Altri autori: Gašparovský, Dionýz (Relatore della tesi)
Natura: Manoscritto Libro
Lingua:slovacco
Pubblicazione: Bratislava : STU v Bratislave FEI, 2024
Soggetti:
Accesso online:https://opac.crzp.sk/?fn=detailBiblioFormChildYGIDM&sid=CC8450CBF10FC669817EFAC1506C&seo=CRZP-detail-kniha
Tags: Aggiungi Tag
Nessun Tag, puoi essere il primo ad aggiungerne!!

MARC

LEADER 00000ntm a22000003a 4500
001 stuzp93664
003 SK-STU
005 20250422134759.9
007 ta
008 150427s2015----xo-----f-mn---000-0-slo-d
040 |a STU  |b slo 
041 0 |a slo 
044 |a xo 
100 1 |a Bodor, Benjamin  |u 032000  |4 aut  |U FEI Fakulta elektrotechniky a informatiky  |T FEI Ústav elektroenergetiky a aplikovanej elektrotechniky  |X 104159  |U E020  |Y 548  |7 104159 
242 0 1 |a Economics of the Lighting Systems Maintenance  |y eng 
245 1 0 |a Ekonomika údržby osvetľovacích sústav 
260 |a Bratislava :  |b STU v Bratislave FEI,  |c 2024 
300 |a 81 s. 
650 4 |a osvetľovacia sústava  |2 slo 
650 4 |a údržba  |2 slo 
650 4 |a ekonomika  |2 slo 
650 4 |a lighting system  |2 eng 
650 4 |a maintenance  |2 eng 
650 4 |a economy  |2 eng 
700 1 |a Gašparovský, Dionýz  |u 032000  |k Z1  |4 ths  |U FEI Fakulta elektrotechniky a informatiky  |T FEI Ústav elektroenergetiky a aplikovanej elektrotechniky  |X 1935  |U E020  |Y 548  |7 A000001935 
856 4 |u https://opac.crzp.sk/?fn=detailBiblioFormChildYGIDM&sid=CC8450CBF10FC669817EFAC1506C&seo=CRZP-detail-kniha